| 000 | 00799nam a2200229 a 4500 | ||
|---|---|---|---|
| 999 |
_c11437 _d11437 |
||
| 001 | 11437 | ||
| 003 | BD-JhCC | ||
| 005 | 20190917134018.0 | ||
| 008 | 190916s20132019bg |||| ||a| 000 0 ben d | ||
| 035 | _a(BD-JhCC)11437 | ||
| 040 |
_aBD-JhCC _dBD-JhCC |
||
| 041 | _aben | ||
| 082 |
_bSAR 2019 _a954 |
||
| 100 | _aসরকার, জে. এম. বেলাল হোসেন | ||
| 245 |
_aইতিহাস প্রথম পত্র একাদশ-দ্বাদশ শ্রেণী / _b জে. এম. বেলাল হোসেন সরকার । |
||
| 260 |
_aঢাকা: _bহাসান বুক হাউস; _c২০১৯. |
||
| 300 |
_averies p. : _c24 cm. |
||
| 650 | _aSouth Asia | ||
| 650 |
_aBangaldesh _zBangaldesh |
||
| 942 |
_2ddc _cBK _01 |
||